| 000 | 01253nam a2200229Ia 4500 | ||
|---|---|---|---|
| 001 | L235-7389 | ||
| 003 | IT-CnALBA | ||
| 008 | 170116s9999||||xx |||||||||||||| ||und|| | ||
| 040 |
_aIT-CnALBA _cIT-CnALBA |
||
| 041 | _aITALIANO | ||
| 100 | _aGEMELLI P. AGOSTINO, OFM. | ||
| 245 | 0 | _aLA TEOLOGIA MARIANA NELLA VITA SPIRITUALE. | |
| 250 | _a1a ed. | ||
| 260 |
_aMILANO _bVITA E PENSIERO. SOCIETÀ EDITRICE _c1948 [1° Ed.:1948 - Ed.Ling.Originale: 1948] |
||
| 300 | _a214 p. (prefazione: 79) | ||
| 500 | _aIV SETTIMANA DI SPIRITUALITÀ MARIANA DELL'UNIVERSITÀ DEL SACRO CUORE (1948). COAUTORI: BATTISTA ANDRETTA, BIASUTTI GUGLIELMO, CASTANO LUIGI, ROSCHINI GABRIELE, OLGIATI FRANCESCO, FERDINANDO ANTONELLI. MARIA MODELLO E GUIDA DELLA VITA SPIRITUALE. MATERNITÀ | ||
| 501 | _aSocietà San Paolo EM - Piazza San Paolo, 14 - 12051 ALBA (CN) (non commercial uses only) ® Copyright 2017 | ||
| 520 | _aIV SETTIMANA DI SPIRITUALITÀ MARIANA DELL'UNIVERSITÀ DEL SACRO CUORE (1948). COAUTORI: BATTISTA ANDRETTA, BIASUTTI GUGLIELMO, CASTANO LUIGI, ROSCHINI GABRIELE, OLGIATI FRANCESCO, FERDINANDO ANTONELLI. MARIA MODELLO E GUIDA DELLA VITA SPIRITUALE. MATERNITÀ | ||
| 650 | _aMARIA SS. ANGELI SANTI DEMONI | ||
| 942 | _cBK | ||
| 957 | _71 | ||
| 999 |
_a8365 _bSI _g Copie: 1 _c266571 _d266571 |
||